| 000 | 00559 a2200181 4500 | ||
|---|---|---|---|
| 020 | _a0071134891 (pbk.) | ||
| 035 | _a6815574 | ||
| 040 |
_aDLC _bDLC |
||
| 100 | 1 | 0 | _aMcComas, Donna C. |
| 245 | 1 | 0 |
_aModern business correspondence _cDonna C. McComas, Marilyn L. Satterwhite. |
| 250 | _a6th ed., International ed. | ||
| 260 | 0 |
_aNew York _b: Glencoe _a: Singapore _b: McGraw-Hill, _c1993. |
|
| 300 | _avi, 313 p. | ||
| 490 | 0 | _aEnglish language. | |
| 650 | 0 | _aCommercial correspondence. | |
| 700 | 1 | 0 | _aSatterwhite, Marilyn L. |
| 942 |
_cBK _k651.750711 MCC _2ddc |
||
| 999 |
_c8654 _d8654 |
||